A discourse analysis on fairy tales in English and Vietnamese
Introduction; Literature review and theoretical background; Method and procedure...
Bewaard in:
| Hoofdauteur: | |
|---|---|
| Andere auteurs: | |
| Formaat: | Onbekend |
| Taal: | English |
| Gepubliceerd in: |
Đà Nẵng :
The University of Da Nang,
2012.
|
| Onderwerpen: | |
| Tags: |
Voeg label toe
Geen labels, Wees de eerste die dit record labelt!
|
| Thư viện lưu trữ: | Mạng thư viện Đại học Đà Nẵng |
|---|
| LEADER | 02850na a2200409 4500 | ||
|---|---|---|---|
| 001 | 000031051 | ||
| 003 | 5358 | ||
| 005 | 20200915174902.0 | ||
| 008 | 151001s2012 000 eng | ||
| 040 | |a Lnn |c Lnn |d Lnn | ||
| 041 | 0 | |a eng | |
| 082 | 0 | 4 | |a 428.24 |b TR-H |
| 100 | 1 | |a Tran, Thi Hoa. | |
| 245 | 1 | 2 | |a A discourse analysis on fairy tales in English and Vietnamese |h [Thesis-Luận văn thạc sĩ] / |c Tran Thi Hoa ; Nguyen Thi Quynh Hoa hướng dẫn. |
| 260 | |a Đà Nẵng : |b The University of Da Nang, |c 2012. | ||
| 300 | |a 106 p. ; |c 29 cm. + |e 1 Abstract. | ||
| 500 | |a Master thesis in the English language. Field: The English language. Code: 60.22.15. | ||
| 520 | 3 | |a Introduction; Literature review and theoretical background; Method and procedure... | |
| 630 | 0 | 4 | |a English language. |
| 650 | 0 | 4 | |a English language |x Discourse analysis. |
| 650 | 0 | 4 | |a English language |x Fairy tale. |
| 650 | 0 | 4 | |a Vietnamese langluage |x Fairy tale. |
| 700 | 1 | |a Nguyen Thi Quynh Hoa, |c Ph.D., |e Supervisor. | |
| OWN | |a LNN | ||
| 902 | |a lvths | ||
| AVA | |a UDN50 |b LNN |c English |d 428.24 TR-H |e available |t Error 5001 Not defined in file expand_doc_bib_avail. |f 1 |g 0 |h N |i 0 |j AN |k 1 | ||
| Z40 | 3 | |y A discourse analysis on fairy tales in English and Vietnamese |l Library of UFL |t VIEW |x http://catalog.udn.vn:80/F?func=service&doc_library=UDN01&local_base=UDN01&doc_number=000031051&sequence=000001&line_number=0001&func_code=DB_RECORDS&service_type=MEDIA |f tomtatT.T.HOAsTHESIS_000008649.pdf |e pdf |s 000647562 |k 20200922 |m NTMTHI | |
| Z40 | 3 | |y A discourse analysis on fairy tales in English and Vietnamese |l Library of UFL |t VIEW |x http://catalog.udn.vn:80/F?func=service&doc_library=UDN01&local_base=UDN01&doc_number=000031051&sequence=000002&line_number=0002&func_code=DB_RECORDS&service_type=MEDIA |f T.T.HOAsTHESIS_2_000008651.pdf |e pdf |s 001502694 |k 20200922 |m NTMTHI | |
| 999 | |a From the UDN01 | ||
| AVA | |a UDN50 |b LNN |c English |d 428.24 TR-H |e available |t Error 5001 Not defined in file expand_doc_bib_avail. |f 1 |g 0 |h N |i 0 |j AN |k 1 | ||
| TYP | |a Printed language | ||
| 856 | |y A discourse analysis on fairy tales in English and Vietnamese |l Library of UFL |t VIEW |x http://catalog.udn.vn:80/F?func=service&doc_library=UDN01&local_base=UDN01&doc_number=000031051&sequence=000001&line_number=0001&func_code=DB_RECORDS&service_type=MEDIA |f tomtatT.T.HOAsTHESIS_000008649.pdf |e pdf |s 000647562 |k 20200922 |m NTMTHI | ||
| 856 | |y A discourse analysis on fairy tales in English and Vietnamese |l Library of UFL |t VIEW |x http://catalog.udn.vn:80/F?func=service&doc_library=UDN01&local_base=UDN01&doc_number=000031051&sequence=000002&line_number=0002&func_code=DB_RECORDS&service_type=MEDIA |f T.T.HOAsTHESIS_2_000008651.pdf |e pdf |s 001502694 |k 20200922 |m NTMTHI | ||
| 980 | |a Mạng thư viện Đại học Đà Nẵng | ||